[Event "7th Essent op"]
[Site "Hoogeveen NED"]
[Date "2003.10.14"]
[Round "5.27"]
[White "Pel, Bonno"]
[Black "Cako, Laszlo"]
[Result "1-0"]
[WhiteElo "2304"]
[BlackElo "2164"]
[EventDate "2003.10.10"]
[PlyCount "83"]

1.Nc3 d5 2.d4 Nf6 3.Bg5 h6 4.Bxf6 exf6 5.e3 c6 6.Bd3 Bd6 7.Qh5 Be6 8.Nge2 
f5 9.O-O-O Qg5 10.Qf3 Qg4 11.h3 Qxf3 12.gxf3 Nd7 13.h4 h5 14.e4 fxe4 15.
fxe4 dxe4 16.Nxe4 Be7 17.Nf4 Bg4 18.Rde1 O-O-O 19.Re3 Nb6 20.f3 Bf5 21.Ng5
Bxd3 22.Rxe7 Bc4 23.Nxf7 Bxf7 24.Rxf7 Rxd4 25.Ne6 Rd7 26.Rxg7 Rxg7 27.Nxg7
Nd5 28.Rg1 Kd7 29.Rg5 Nf4 30.Kd2 Rh6 31.Ke3 Nd5+ 32.Ke4 Rh7 33.c4 Nb6 34.
b3 Nc8 35.Nxh5 Nd6+ 36.Kf4 Rf7+ 37.Kg4 Ke6 38.Rg6+ Ke7 39.Rg7 Rxg7+ 40.
Nxg7 Kf6 41.Nh5+ Kg6 42.Ng3 1-0

[Event "7th Essent op"]
[Site "Hoogeveen NED"]
[Date "2003.10.14"]
[Round "5.28"]
[White "Van Weersel, Arlette"]
[Black "Van Doeland, Julius"]
[Result "1/2-1/2"]
[WhiteElo "2128"]
[BlackElo "2273"]
[EventDate "2003.10.10"]
[PlyCount "33"]

1.e4 c5 2.c4 Nc6 3.Ne2 d6 4.d4 cxd4 5.Nxd4 Nf6 6.Nc3 Bd7 7.Be2 g6 8.Be3 
Bg7 9.O-O O-O 10.Rc1 a6 11.Nb3 Rc8 12.f3 Re8 13.Qd2 Na5 14.Nxa5 Qxa5 15.a3
Qc7 16.b4 Qb8 17.Rfd1 1/2-1/2

[Event "7th Essent op"]
[Site "Hoogeveen NED"]
[Date "2003.10.14"]
[Round "5.29"]
[White "Malinarski, Yehuda"]
[Black "Van der Veen, Jan"]
[Result "1-0"]
[WhiteElo "2180"]
[BlackElo "2118"]
[EventDate "2003.10.10"]
[PlyCount "53"]

1.e4 e5 2.Nf3 Nc6 3.d4 exd4 4.Nxd4 Nf6 5.Nxc6 bxc6 6.e5 Qe7 7.Qe2 Nd5 8.c4
Nb6 9.Nc3 Ba6 10.b3 O-O-O 11.f4 f6 12.Bb2 fxe5 13.Qxe5 Qxe5+ 14.fxe5 Re8 
15.O-O-O Rxe5 16.a4 Rg5 17.g3 Bb4 18.Ne4 Rg6 19.Bh3 Rf8 20.a5 Bxa5 21.Nc5 
Bb7 22.Rhf1 Rxf1 23.Rxf1 Kb8 24.Rf8+ Bc8 25.Nxd7+ Kb7 26.Nc5+ Kb8 27.Bf5 
1-0

[Event "7th Essent op"]
[Site "Hoogeveen NED"]
[Date "2003.10.14"]
[Round "5.31"]
[White "Knol, Geon"]
[Black "Nagel, Yvette"]
[Result "1-0"]
[WhiteElo "2163"]
[BlackElo "2075"]
[EventDate "2003.10.10"]
[PlyCount "55"]

1.e4 c5 2.Nc3 Nc6 3.g3 g6 4.Bg2 Bg7 5.f4 d6 6.d3 e6 7.Nf3 Nge7 8.O-O O-O 
9.Be3 Rb8 10.Qd2 Qa5 11.Rae1 b5 12.Nh4 b4 13.Nd1 f5 14.exf5 exf5 15.Nf3 
Qxa2 16.b3 Bd7 17.d4 c4 18.d5 Na5 19.Bxa7 c3 20.Qf2 Rbe8 21.Bd4 Bb5 22.
Nxc3 bxc3 23.Ra1 Qb2 24.Rfb1 Nxd5 25.Rxb2 cxb2 26.Bxb2 Re2 27.Nd4 Ne3 28.
Nxe2 1-0

[Event "7th Essent op"]
[Site "Hoogeveen NED"]
[Date "2003.10.14"]
[Round "5.32"]
[White "Westerkamp, Bert"]
[Black "Slisser, Theo"]
[Result "1/2-1/2"]
[WhiteElo "2129"]
[BlackElo "2161"]
[EventDate "2003.10.10"]
[PlyCount "48"]

1.Nf3 Nf6 2.d4 g6 3.Bg5 Bg7 4.e3 d6 5.c3 O-O 6.Nbd2 c5 7.Be2 b6 8.O-O Bb7 
9.h3 Nbd7 10.Re1 a6 11.a4 Re8 12.Qb3 Rb8 13.Bf1 Qc8 14.e4 e6 15.Bf4 Qc6 
16.Bh2 Rbd8 17.Rad1 h6 18.e5 dxe5 19.Nxe5 Nxe5 20.dxe5 Nd7 21.Nc4 Rf8 22.
Rd6 Qc7 23.Red1 Bd5 24.Qc2 Bxc4 1/2-1/2

[Event "7th Essent op"]
[Site "Hoogeveen NED"]
[Date "2003.10.15"]
[Round "6.1"]
[White "Dvoirys, Semen I"]
[Black "Inarkiev, Ernesto"]
[Result "0-1"]
[WhiteElo "2569"]
[BlackElo "2593"]
[EventDate "2003.10.10"]
[PlyCount "58"]

1.e4 e5 2.Nf3 Nc6 3.Bb5 a6 4.Ba4 Nf6 5.O-O b5 6.Bb3 Bc5 7.a4 Bb7 8.Nxe5 
Nxe5 9.d4 Bxd4 10.Qxd4 d6 11.axb5 axb5 12.Rxa8 Bxa8 13.Qb4 Nxe4 14.Qxb5+ 
Bc6 15.Qe2 O-O 16.Be3 Re8 17.Qh5 Qa8 18.Qh3 Bd7 19.Qh5 c5 20.Na3 Be6 21.
Bxe6 Rxe6 22.f3 Nf6 23.Qf5 Qe8 24.Bf2 Ng6 25.c4 Qa4 26.Qd3 Qb4 27.Nb5 Ne5 
28.Qf5 Ne8 29.Bg3 Nxc4 0-1

[Event "7th Essent op"]
[Site "Hoogeveen NED"]
[Date "2003.10.15"]
[Round "6.3"]
[White "Izoria, Zviad"]
[Black "Pert, Nicholas"]
[Result "1/2-1/2"]
[WhiteElo "2546"]
[BlackElo "2488"]
[EventDate "2003.10.10"]
[PlyCount "39"]

1.c4 Nf6 2.Nc3 e5 3.Nf3 Nc6 4.g3 Nd4 5.Bg2 Nxf3+ 6.Bxf3 Bb4 7.Qb3 Bc5 8.d3
h6 9.O-O O-O 10.Bd2 c6 11.Bg2 Re8 12.Rac1 Bf8 13.Qa4 a6 14.Qb3 d6 15.Be3 
Qe7 16.Na4 Bg4 17.Rfe1 Rad8 18.h3 Be6 19.Kh2 b5 20.Nb6 1/2-1/2

[Event "7th Essent op"]
[Site "Hoogeveen NED"]
[Date "2003.10.15"]
[Round "6.4"]
[White "Baramidze, David"]
[Black "Motylev, Alexander"]
[Result "1-0"]
[WhiteElo "2463"]
[BlackElo "2634"]
[EventDate "2003.10.10"]
[PlyCount "75"]

1.e4 c5 2.Nf3 Nc6 3.d4 cxd4 4.Nxd4 g6 5.Nc3 Bg7 6.Be3 Nf6 7.Bc4 O-O 8.f3 
Qb6 9.Bb3 Nxe4 10.Nd5 Qa5+ 11.c3 Bxd4 12.Bxd4 Nc5 13.Bc4 Ne6 14.Be3 Qd8 
15.Qd2 d6 16.h4 Na5 17.Be2 Ng7 18.h5 e6 19.Bg5 f6 20.Nxf6+ Rxf6 21.hxg6 
hxg6 22.Qd4 e5 23.Bxf6 Qxf6 24.Qd5+ Be6 25.Qxa5 Qg5 26.g4 Qe3 27.Qb4 Bd5 
28.Rd1 Bxf3 29.Qc4+ d5 30.Rxd5 Ne6 31.Rd8+ Kg7 32.Rd7+ Kf6 33.Rf1 Rc8 34.
Rxf3+ Qxf3 35.Qxc8 Qg3+ 36.Kd1 Qg1+ 37.Kc2 Qg2 38.Qh8+ 1-0

[Event "7th Essent op"]
[Site "Hoogeveen NED"]
[Date "2003.10.15"]
[Round "6.5"]
[White "l`Ami, Erwin"]
[Black "Hebden, Mark"]
[Result "1-0"]
[WhiteElo "2470"]
[BlackElo "2560"]
[EventDate "2003.10.10"]
[PlyCount "123"]

1.e4 e5 2.Nf3 Nc6 3.Bb5 a6 4.Ba4 Nf6 5.O-O Be7 6.Re1 b5 7.Bb3 O-O 8.d3 d6 
9.c3 h6 10.Nbd2 Re8 11.h3 Bf8 12.Nf1 Bb7 13.N3h2 d5 14.Qf3 Na5 15.Bc2 c5 
16.Ne3 c4 17.Nhg4 Nxg4 18.hxg4 cxd3 19.Bxd3 dxe4 20.Bxe4 Bxe4 21.Qxe4 Rc8 
22.Rd1 Qf6 23.Nd5 Qe6 24.b3 Nc6 25.Be3 Ne7 26.c4 Nxd5 27.cxd5 Qd7 28.Rac1 
Rxc1 29.Rxc1 Rd8 30.Rd1 Qd6 31.g3 f6 32.Kg2 Rc8 33.Qf5 Re8 34.Qg6 Rc8 35.
Kh2 Qd7 36.Kg2 a5 37.Qe4 Bd6 38.Rc1 Rxc1 39.Bxc1 Bc5 40.Bd2 b4 41.Qc4 Qd6 
42.Kf3 Kf7 43.Be3 Bxe3 44.fxe3 Ke7 45.Ke4 Qd7 46.Kf3 h5 47.gxh5 Qf5+ 48.
Kg2 e4 49.Qc7+ Kf8 50.Qd6+ Kf7 51.Qe6+ Qxe6 52.dxe6+ Kxe6 53.Kh3 f5 54.g4 
Kf6 55.gxf5 Kg5 56.Kg3 Kxh5 57.Kf4 Kh4 58.Kxe4 Kg4 59.Ke5 Kf3 60.e4 Ke3 
61.Kd5 Kf4 62.e5 1-0

[Event "7th Essent op"]
[Site "Hoogeveen NED"]
[Date "2003.10.15"]
[Round "6.6"]
[White "Van der Werf, Mark"]
[Black "Grigoriants, Sergey"]
[Result "0-1"]
[WhiteElo "2423"]
[BlackElo "2525"]
[EventDate "2003.10.10"]
[PlyCount "76"]

1.d4 Nf6 2.Nf3 g6 3.c4 Bg7 4.Nc3 O-O 5.e4 d6 6.Be2 e5 7.Be3 Nc6 8.d5 Ne7 
9.Nd2 c6 10.a3 Nd7 11.f3 c5 12.b4 b6 13.Nb5 Nf6 14.g4 Ne8 15.h4 f5 16.Qc2 
Nf6 17.Rg1 Kh8 18.Nb3 a6 19.Nc3 Bd7 20.bxc5 bxc5 21.Bd1 Rb8 22.Rb1 Nc8 23.
Be2 Nb6 24.Nd1 Qe7 25.Nf2 Ba4 26.Bd1 Bd7 27.Bd2 fxg4 28.fxg4 Nxg4 29.Bxg4 
Rxf2 30.Bxd7 Qxh4 31.Kd1 Nxd7 32.Qd3 Bh6 33.Kc2 Rxb3 34.Kxb3 Rxd2 35.Qc3 
Qxe4 36.Rbd1 Qd4 37.Rxd2 Bxd2 38.Qh3 Qxg1 0-1

[Event "7th Essent op"]
[Site "Hoogeveen NED"]
[Date "2003.10.15"]
[Round "6.7"]
[White "Hoeksema, Hendrik Pieter"]
[Black "Beshukov, Sergei"]
[Result "1/2-1/2"]
[WhiteElo "2351"]
[BlackElo "2506"]
[EventDate "2003.10.10"]
[PlyCount "129"]

1.e4 c5 2.Nf3 Nc6 3.d4 cxd4 4.Nxd4 Nf6 5.Nc3 e5 6.Ndb5 d6 7.Nd5 Nxd5 8.
exd5 Nb8 9.c4 Nd7 10.Be2 Be7 11.O-O a6 12.Nc3 O-O 13.Be3 f5 14.f3 Bg5 15.
Qd2 Bxe3+ 16.Qxe3 Rf6 17.Bd3 Nc5 18.Bc2 a5 19.b3 Rh6 20.f4 e4 21.a3 Qf6 
22.Ne2 Bd7 23.Rab1 Rc8 24.Nd4 Qd8 25.Rfc1 Rf6 26.b4 axb4 27.axb4 Na6 28.
Bd1 Qe7 29.Be2 Rff8 30.Qd2 Kh8 31.Nc2 Rfd8 32.Qd4 Be8 33.Ne3 Bg6 34.g3 Qc7
35.Bf1 b6 36.Qd2 Nb8 37.Nc2 Bf7 38.Nd4 g6 39.Nb5 Qb7 40.Qd4+ Kg8 41.Ra1 
Qe7 42.Qxb6 Be8 43.Ra7 Qf6 44.Qd4 Nd7 45.Ra6 Qxd4+ 46.Nxd4 Nf6 47.Rca1 Kf7
48.Ne6 Rd7 49.Rb6 Ke7 50.Raa6 Ng4 51.Ra3 Bf7 52.Nd4 Rdc7 53.Nc6+ Kd7 54.
Raa6 Ne3 55.Na5 Bxd5 56.Rxd6+ Ke7 57.Rxd5 Nxd5 58.cxd5 Rc1 59.Re6+ Kd7 60.
Nc6 Ra8 61.Ne5+ Kd8 62.Nf7+ Kd7 63.Ne5+ Kd8 64.Nf7+ Kd7 65.Ne5+ 1/2-1/2

[Event "7th Essent op"]
[Site "Hoogeveen NED"]
[Date "2003.10.15"]
[Round "6.8"]
[White "Spoelman, Wouter"]
[Black "Stellwagen, Daniel"]
[Result "0-1"]
[WhiteElo "2193"]
[BlackElo "2487"]
[EventDate "2003.10.10"]
[PlyCount "34"]

1.e4 e6 2.d4 d5 3.Nc3 Nc6 4.Nf3 Nf6 5.Bg5 Be7 6.Bd3 dxe4 7.Nxe4 Nb4 8.O-O 
Bd7 9.Bxf6 gxf6 10.Bc4 Bc6 11.Qe2 Qd7 12.Bb3 O-O-O 13.c4 f5 14.Ned2 Rhg8 
15.a3 Qxd4 16.Nxd4 Rxg2+ 17.Kh1 Rg1+ 0-1

[Event "7th Essent op"]
[Site "Hoogeveen NED"]
[Date "2003.10.15"]
[Round "6.10"]
[White "Van de Oudeweetering, Arthur"]
[Black "Janssen, Ruud"]
[Result "1/2-1/2"]
[WhiteElo "2389"]
[BlackElo "2489"]
[EventDate "2003.10.10"]
[PlyCount "82"]

1.e4 c5 2.c3 e6 3.d4 d5 4.exd5 exd5 5.Be3 cxd4 6.Bxd4 Nc6 7.Nf3 a6 8.Qe2+ 
Be6 9.g3 Nge7 10.Nbd2 Nf5 11.Nb3 Bd6 12.Bg2 O-O 13.O-O Re8 14.Rfe1 b5 15.
Qd3 b4 16.Nc5 Nfxd4 17.cxd4 Bxc5 18.dxc5 Qf6 19.Rad1 Rec8 20.Rc1 h6 21.b3 
a5 22.Red1 a4 23.Nd4 axb3 24.axb3 Ra2 25.Qe3 Nxd4 26.Qxd4 Qxd4 27.Rxd4 
Rxc5 28.Rcd1 Rcc2 29.Rf1 Rab2 30.Rxb4 Rd2 31.Rb8+ Kh7 32.h4 Rd3 33.b4 Rd4 
34.b5 Rdb4 35.f4 Rxb5 36.Rxb5 Rxb5 37.f5 Bd7 38.Rd1 Bc6 39.Rc1 Bd7 40.Rd1 
Bc6 41.Rc1 Bd7 1/2-1/2

[Event "7th Essent op"]
[Site "Hoogeveen NED"]
[Date "2003.10.15"]
[Round "6.11"]
[White "Willemze, Thomas"]
[Black "Dambacher, Martijn"]
[Result "1-0"]
[WhiteElo "2232"]
[BlackElo "2419"]
[EventDate "2003.10.10"]
[PlyCount "128"]

1.e4 c5 2.Nf3 e6 3.b3 Nc6 4.Bb2 d6 5.d4 cxd4 6.Nxd4 e5 7.Nxc6 bxc6 8.c4 
Nf6 9.Nc3 Be7 10.Be2 O-O 11.O-O Be6 12.Qd2 Nd7 13.Rad1 Qc7 14.Ba3 Nc5 15.
b4 Nd7 16.Nd5 Bxd5 17.cxd5 c5 18.Rc1 a5 19.bxc5 Nxc5 20.Rfd1 Rfd8 21.Bxc5 
dxc5 22.a4 Rab8 23.Bb5 Bd6 24.Rc3 Rf8 25.Rh3 g6 26.g4 f6 27.Kh1 Kh8 28.Rg1
Rf7 29.Rhg3 Rbf8 30.Qc2 Qa7 31.h4 Qe7 32.R1g2 Qd8 33.Bd3 c4 34.Qxc4 Rc7 
35.Qa6 f5 36.gxf5 gxf5 37.Rg5 Rc1+ 38.Rg1 Rxg1+ 39.Kxg1 fxe4 40.Bxe4 Qf6 
41.Qa7 Rf7 42.Qe3 Qf4 43.Qg3 Rf8 44.Rg4 Qf6 45.Kg2 Bc5 46.f3 Be3 47.Qe1 
Qb6 48.Qc3 Bf4 49.Bf5 Qf6 50.Qc7 Rf7 51.Be6 Rf8 52.Qc2 h5 53.Rg6 Qxh4 54.
Bh3 Rg8 55.Rxg8+ Kxg8 56.Qg6+ Kf8 57.Qf5+ Kg7 58.Kf1 Qf6 59.Qd7+ Kh6 60.
Qc6 Kg5 61.d6 e4 62.fxe4 Qa1+ 63.Ke2 Qb2+ 64.Kf1 Kh4 1-0

[Event "7th Essent op"]
[Site "Hoogeveen NED"]
[Date "2003.10.15"]
[Round "6.12"]
[White "Jens, Jelmer"]
[Black "Prasad, Devaki V"]
[Result "1-0"]
[WhiteElo "2387"]
[BlackElo "2409"]
[EventDate "2003.10.10"]
[PlyCount "85"]

1.e4 c5 2.Nf3 e6 3.d4 cxd4 4.Nxd4 a6 5.Bd3 g6 6.c4 Bg7 7.Nc2 Nc6 8.Nc3 
Nge7 9.O-O O-O 10.f4 d6 11.Kh1 f5 12.Be3 Rb8 13.a4 Qc7 14.Qe2 fxe4 15.Bxe4
Na5 16.Bd3 Nf5 17.Ba7 Ra8 18.Bg1 Bd7 19.Ne4 Rac8 20.Nd2 d5 21.cxd5 exd5 
22.Ra2 Rfe8 23.Qf2 Nc4 24.b3 Nce3 25.Nxe3 Nxe3 26.Re1 Ng4 27.Rxe8+ Rxe8 
28.Qf3 Re1 29.h3 Nf6 30.Rc2 Qd6 31.Qf2 Ra1 32.Kh2 g5 33.Nf3 gxf4 34.Qh4 
Rd1 35.Bc5 Qb8 36.Bd4 Qd6 37.Bc5 Qe6 38.Ng5 Rxd3 39.Nxe6 Bxe6 40.Qxf4 Ne4 
41.Ba3 Nc3 42.Qb8+ Kf7 43.Rf2+ 1-0

[Event "7th Essent op"]
[Site "Hoogeveen NED"]
[Date "2003.10.15"]
[Round "6.13"]
[White "Jonkman, Harmen"]
[Black "Ris, Robert"]
[Result "1/2-1/2"]
[WhiteElo "2414"]
[BlackElo "2297"]
[EventDate "2003.10.10"]
[PlyCount "96"]

1.e4 c6 2.d4 d5 3.Nd2 dxe4 4.Nxe4 Bf5 5.Ng3 Bg6 6.N1e2 e6 7.Nf4 Bd6 8.Nxg6
hxg6 9.Ne4 Be7 10.g3 Nf6 11.Bg2 Nxe4 12.Bxe4 Nd7 13.c3 Qb6 14.Qe2 O-O-O 
15.h4 Qb5 16.Qxb5 cxb5 17.Bg5 Nf6 18.Bf3 Rd7 19.a3 a6 20.O-O-O Kb8 21.Bf4+
Ka8 22.Be5 Rc8 23.Kc2 Ka7 24.Kb3 Bd6 25.h5 Nxh5 26.Bxh5 gxh5 27.Bxg7 f5 
28.Bf6 Rf7 29.Be5 Bxe5 30.dxe5 f4 31.Rxh5 fxg3 32.fxg3 Rf2 33.Rd7 Rc6 34.
Rhh7 Rb6 35.g4 Rg2 36.Rhg7 a5 37.Rd6 Re2 38.Rg5 a4+ 39.Ka2 Rc6 40.Rxc6 
bxc6 41.Rh5 Kb6 42.Rh1 Rg2 43.Rh6 Rxg4 44.Rxe6 Re4 45.Kb1 Re2 46.Re8 Kc5 
47.e6 Kd6 48.Rd8+ Kc5 1/2-1/2

[Event "7th Essent op"]
[Site "Hoogeveen NED"]
[Date "2003.10.15"]
[Round "6.14"]
[White "Werle, Jan"]
[Black "Rubingh, Otto"]
[Result "1-0"]
[WhiteElo "2409"]
[BlackElo "2299"]
[EventDate "2003.10.10"]
[PlyCount "69"]

1.Nf3 Nf6 2.c4 e6 3.Nc3 Bb4 4.Qc2 b6 5.a3 Bxc3 6.Qxc3 Bb7 7.e3 d6 8.Be2 
Nbd7 9.b4 Qe7 10.Bb2 c5 11.O-O O-O 12.d4 Ne4 13.Qb3 Ng5 14.Nxg5 Qxg5 15.f3
cxd4 16.exd4 b5 17.c5 Bd5 18.Qc3 Rab8 19.a4 Bc4 20.Bxc4 bxc4 21.Qxc4 Rfc8 
22.Ba3 Qe3+ 23.Kh1 d5 24.Qa6 Qxd4 25.Rfd1 Qf4 26.b5 Ne5 27.Bc1 Qc4 28.Be3 
Nxf3 29.c6 d4 30.Rac1 Qd5 31.Bf2 h5 32.c7 Rb7 33.Rd3 Qg5 34.Rg1 Ne5 35.
Qxb7 1-0

[Event "7th Essent op"]
[Site "Hoogeveen NED"]
[Date "2003.10.15"]
[Round "6.15"]
[White "Lorscheid, Gerhard"]
[Black "Grooten, Herman"]
[Result "0-1"]
[WhiteElo "2297"]
[BlackElo "2390"]
[EventDate "2003.10.10"]
[PlyCount "118"]

1.d4 Nf6 2.c4 e6 3.Nc3 Bb4 4.Qc2 c5 5.dxc5 Bxc5 6.Nf3 Qb6 7.e3 Qc7 8.b3 b6
9.Bb2 a6 10.Bd3 Bb7 11.Ne4 Nxe4 12.Bxe4 Nc6 13.a3 f5 14.Bd3 Bd6 15.Qc3 Rg8
16.O-O-O Ne7 17.Kb1 b5 18.cxb5 Qxc3 19.Bxc3 Bxa3 20.bxa6 Bxa6 21.Bxa6 Rxa6
22.Bb2 Nd5 23.Bxa3 Rxa3 24.Kb2 Ra8 25.Ra1 Ke7 26.Nd4 Nb4 27.Kc3 Rab8 28.
Rhc1 Rgc8+ 29.Kd2 Rxc1 30.Rxc1 Ra8 31.Rc4 Ra2+ 32.Nc2 Nc6 33.Ra4 Rb2 34.
Kc3 Rb1 35.Ra1 Rxa1 36.Nxa1 Ne5 37.h3 g5 38.Nc2 h5 39.Ne1 h4 40.Kd4 Kd6 
41.f4 Nc6+ 42.Kc4 Na5+ 43.Kb4 Nc6+ 44.Kc4 gxf4 45.exf4 Ne7 46.Kd4 Ng6 47.
Nd3 Kc7 48.Ke3 d6 49.Kf3 Kc6 50.g3 e5 51.Kf2 e4 52.Nb4+ Kc5 53.Nc2 d5 54.
Ne3 hxg3+ 55.Kxg3 Ne7 56.h4 d4 57.Ng2 Kb4 58.h5 Ng8 59.Kh4 e3 0-1

[Event "7th Essent op"]
[Site "Hoogeveen NED"]
[Date "2003.10.15"]
[Round "6.16"]
[White "Williams, Simon Kim"]
[Black "Giddins, Stephen"]
[Result "1-0"]
[WhiteElo "2380"]
[BlackElo "2237"]
[EventDate "2003.10.10"]
[PlyCount "91"]

1.d4 g6 2.c4 Bg7 3.Nc3 Nf6 4.e4 d6 5.Nf3 O-O 6.Be2 e5 7.Be3 Ng4 8.Bg5 f6 
9.Bc1 Nc6 10.d5 Ne7 11.h3 Nh6 12.h4 Nf7 13.h5 g5 14.Rg1 g4 15.Nh4 f5 16.
exf5 Nxf5 17.Nxf5 Bxf5 18.Bxg4 Nh6 19.Bxh6 Bxh6 20.Bxf5 Rxf5 21.Qg4+ Qg5 
22.Qxg5+ Bxg5 23.Ne4 Be7 24.Rh1 Kf7 25.Ke2 c6 26.a4 Ke8 27.g4 Rf4 28.f3 
Kd7 29.Rhd1 cxd5 30.Rxd5 Ke6 31.Rad1 Rc8 32.b3 Rc6 33.Rb5 Rc7 34.a5 Rf8 
35.Ra1 Rf4 36.a6 b6 37.Rd5 Rf8 38.Rad1 Rc6 39.R1d3 Rf4 40.Nc3 Rf7 41.Nb5 
Bf8 42.Re3 Rc5 43.Red3 Rxd5 44.cxd5+ Kf6 45.Rc3 Rd7 46.Rc7 1-0

[Event "7th Essent op"]
[Site "Hoogeveen NED"]
[Date "2003.10.15"]
[Round "6.17"]
[White "Van Beek, Alexander"]
[Black "Willemze, Jeroen"]
[Result "1/2-1/2"]
[WhiteElo "2276"]
[BlackElo "2380"]
[EventDate "2003.10.10"]
[PlyCount "71"]

1.d4 d5 2.Nf3 Nf6 3.c4 c6 4.Qb3 dxc4 5.Qxc4 b5 6.Qd3 Bb7 7.g3 Nbd7 8.a4 
Qa5+ 9.Nbd2 bxa4 10.Bg2 c5 11.O-O e6 12.Nc4 Qa6 13.Nfe5 Bxg2 14.Kxg2 cxd4 
15.Qxd4 Nc5 16.Qc3 Be7 17.b4 Ncd7 18.Bb2 Nd5 19.Qf3 N7f6 20.g4 h6 21.h4 g5
22.hxg5 hxg5 23.Rh1 Rg8 24.Rh6 Rc8 25.Ne3 Nf4+ 26.Kf1 Qb5 27.Nd3 Nxd3 28.
Bxf6 Nf4 29.Bxe7 Kxe7 30.Qe4 Qxe2+ 31.Kg1 Kf8 32.Rh7 Rd8 33.Qb7 Rg7 34.
Rh8+ Rg8 35.Rh7 Rg7 36.Rh8+ 1/2-1/2

[Event "7th Essent op"]
[Site "Hoogeveen NED"]
[Date "2003.10.15"]
[Round "6.18"]
[White "Afek, Yochanan"]
[Black "Wempe, Joost"]
[Result "1-0"]
[WhiteElo "2376"]
[BlackElo "2259"]
[EventDate "2003.10.10"]
[PlyCount "137"]

1.e4 c5 2.Nf3 Nc6 3.c3 d5 4.exd5 Qxd5 5.d4 Bg4 6.Be2 cxd4 7.cxd4 e6 8.h3 
Bh5 9.O-O Nf6 10.Bf4 Be7 11.Nc3 Qa5 12.g4 Bg6 13.Ne5 O-O 14.Bf3 Rac8 15.g5
Nd5 16.Nxd5 exd5 17.Bg4 Nxe5 18.Bxc8 Nd3 19.Bd2 Qb6 20.Qg4 Nxb2 21.Be3 Bd3
22.Rfe1 Bb4 23.Rec1 Bc4 24.Bf5 Nd3 25.Rd1 Nb2 26.Rdc1 Nd3 27.Bxd3 Bxd3 28.
Rc8 Be4 29.Rac1 Qg6 30.Bd2 Ba3 31.Qg3 Bd6 32.Bf4 Qe6 33.Rxf8+ Bxf8 34.Kh2 
b5 35.Qe3 a5 36.f3 Bf5 37.Qxe6 fxe6 38.Rc7 a4 39.Ra7 Bc2 40.Rd7 b4 41.Bd6 
Bxd6+ 42.Rxd6 b3 43.axb3 axb3 44.Rb6 e5 45.Kg3 exd4 46.Kf2 Kf7 47.Ke2 h6 
48.gxh6 gxh6 49.Kd2 Kg7 50.Kc1 Bf5 51.h4 Bc2 52.Rd6 d3 53.Rxd5 Kg6 54.Rb5 
Kf6 55.h5 Kg7 56.Rb6 Kh7 57.Rb7+ Kh8 58.f4 Kg8 59.Kd2 Kh8 60.f5 Kg8 61.f6 
Kf8 62.Kc1 Kg8 63.Rg7+ Kf8 64.Rg2 Kf7 65.Rf2 b2+ 66.Kxb2 Bd1 67.Kc3 Bxh5 
68.Kxd3 Bg4 69.Ke4 1-0

[Event "7th Essent op"]
[Site "Hoogeveen NED"]
[Date "2003.10.15"]
[Round "6.19"]
[White "Erwich, Marc"]
[Black "Van Lommel, Patrick"]
[Result "1-0"]
[WhiteElo "2333"]
[BlackElo "2168"]
[EventDate "2003.10.10"]
[PlyCount "47"]

1.e4 e6 2.d4 d5 3.e5 c5 4.c3 Nc6 5.Nf3 Qb6 6.a3 Nh6 7.b4 cxd4 8.cxd4 Nf5 
9.Be3 f6 10.exf6 gxf6 11.Bd3 Nxe3 12.fxe3 e5 13.Nh4 Nxd4 14.exd4 Kd8 15.
Bf5 exd4 16.Qf3 Bxf5 17.Nxf5 Qe6+ 18.Kf2 Rc8 19.Nxd4 Qb6 20.Qxd5+ Bd6 21.
Nd2 Rc2 22.Rad1 Re8 23.Rhe1 Rxe1 24.Kxe1 1-0

[Event "7th Essent op"]
[Site "Hoogeveen NED"]
[Date "2003.10.15"]
[Round "6.20"]
[White "Archangelsky, Mikhail"]
[Black "Jongsma, Daan"]
[Result "1-0"]
[WhiteElo "2344"]
[BlackElo "2248"]
[EventDate "2003.10.10"]
[PlyCount "126"]

1.d4 Nf6 2.Bg5 e6 3.Nd2 h6 4.Bh4 d5 5.e3 c5 6.c3 b6 7.Bb5+ Bd7 8.Bd3 Nc6 
9.f4 Bd6 10.Qf3 Qc7 11.Ne2 Rb8 12.Bxf6 gxf6 13.O-O c4 14.Bc2 f5 15.Qh5 b5 
16.a3 Qd8 17.Nf3 Qe7 18.Ne5 Nxe5 19.fxe5 Bc7 20.Nf4 Bc6 21.Qh3 a5 22.Nh5 
Kd8 23.Nf6 Kc8 24.Bd1 Kb7 25.Bh5 b4 26.axb4 axb4 27.Qg3 Qxf6 28.exf6 Bxg3 
29.hxg3 Be8 30.g4 fxg4 31.Bxg4 Rg8 32.Bf3 Rg6 33.e4 Rxf6 34.exd5 Kb6 35.
dxe6 fxe6 36.Rfe1 Bc6 37.Bxc6 Kxc6 38.Ra6+ Rb6 39.Rxb6+ Kxb6 40.Re5 bxc3 
41.bxc3 Kc6 42.Rc5+ Kd6 43.Rxc4 e5 44.dxe5+ Kxe5 45.Rd4 Rc6 46.Rd3 Kf5 47.
Kf2 Rc4 48.Ke2 h5 49.Re3 Kf4 50.g3+ Kg4 51.Kd3 Ra4 52.c4 Ra3+ 53.Kd4 Rxe3 
54.Kxe3 Kxg3 55.c5 h4 56.c6 h3 57.c7 h2 58.c8=Q h1=Q 59.Qg8+ Kh3 60.Qh7+ 
Kg2 61.Qg6+ Kh3 62.Qh5+ Kg2 63.Qg4+ Kf1 1-0

[Event "7th Essent op"]
[Site "Hoogeveen NED"]
[Date "2003.10.15"]
[Round "6.21"]
[White "Hulshof, Peter"]
[Black "Pel, Bonno"]
[Result "0-1"]
[WhiteElo "2202"]
[BlackElo "2304"]
[EventDate "2003.10.10"]
[PlyCount "84"]

1.e4 g6 2.Nc3 c6 3.d4 d6 4.Bc4 b5 5.Bd3 Bg7 6.Be3 Nf6 7.f3 Nbd7 8.Qd2 O-O 
9.Bh6 e5 10.Bxg7 Kxg7 11.Nge2 Qb6 12.Qe3 Re8 13.Nd1 exd4 14.Nxd4 d5 15.O-O
Ne5 16.Kh1 c5 17.Nxb5 Nxd3 18.Qxd3 c4 19.Qd4 Qxb5 20.e5 Nd7 21.e6+ Nf6 22.
exf7 Kxf7 23.Nf2 Qb6 24.Qh4 Kg7 25.Ng4 Bxg4 26.fxg4 Re4 27.h3 Rae8 28.Rf3 
R8e6 29.Raf1 h6 30.b3 g5 31.Qg3 Re3 32.bxc4 dxc4 33.Rxe3 Qxe3 34.Qc7+ Re7 
35.Qxc4 Qe2 36.Qxe2 Rxe2 37.Rb1 Re7 38.a4 Rc7 39.a5 Kf7 40.Kh2 Ke6 41.Rb8 
Rc5 42.Rh8 Kf7 0-1

[Event "7th Essent op"]
[Site "Hoogeveen NED"]
[Date "2003.10.15"]
[Round "6.23"]
[White "Ahlers, Ben"]
[Black "Dogge, Marc"]
[Result "0-1"]
[WhiteElo "2200"]
[BlackElo "2228"]
[EventDate "2003.10.10"]
[PlyCount "48"]

1.d4 Nf6 2.c4 e6 3.Nc3 Bb4 4.Qc2 c5 5.dxc5 O-O 6.a3 Bxc5 7.Nf3 Nc6 8.Bg5 
Be7 9.e3 b6 10.Bd3 Kh8 11.O-O Bb7 12.Qe2 Rc8 13.Rfd1 d6 14.Rac1 Nd7 15.
Bxe7 Qxe7 16.Bb1 Nde5 17.Nxe5 Nxe5 18.Rd4 f5 19.Rcd1 Rf6 20.Rxd6 Rg6 21.e4
f4 22.Qh5 Rg5 23.Qh3 Rg6 24.Kh1 Rh6 0-1

[Event "7th Essent op"]
[Site "Hoogeveen NED"]
[Date "2003.10.15"]
[Round "6.25"]
[White "Hendriks, Richard V"]
[Black "Doggers, Peter"]
[Result "0-1"]
[WhiteElo "2108"]
[BlackElo "2209"]
[EventDate "2003.10.10"]
[PlyCount "70"]

1.a3 g6 2.Nf3 Bg7 3.g3 Nf6 4.Bg2 O-O 5.O-O d6 6.d3 e5 7.c4 h6 8.Nc3 Re8 9.
Rb1 c6 10.Bd2 d5 11.cxd5 cxd5 12.Qc1 Kh7 13.e4 d4 14.Nd5 Nxd5 15.exd5 Bf5 
16.Qc4 Nd7 17.Nh4 Rc8 18.Qb5 a6 19.Qxb7 Nc5 20.Qb4 Bxd3 21.Bh3 f5 22.d6 
Rf8 23.Rbc1 Bxf1 24.Bxf1 Qxd6 25.Bxa6 Qxa6 26.Rxc5 Rb8 27.Ra5 Rxb4 28.Rxa6
Rxb2 29.Bb4 Rd8 30.Nf3 e4 31.Nd2 e3 32.Nc4 Rxf2 33.Ra7 Rc2 34.Be7 Rb8 35.
Bf6 Rb1# 0-1

[Event "7th Essent op"]
[Site "Hoogeveen NED"]
[Date "2003.10.15"]
[Round "6.26"]
[White "Van Doeland, Julius"]
[Black "Potze, Rudolf"]
[Result "0-1"]
[WhiteElo "2273"]
[BlackElo "2124"]
[EventDate "2003.10.10"]
[PlyCount "74"]

1.e4 c5 2.Nf3 Nc6 3.b3 e5 4.Bb2 d6 5.Bb5 Be7 6.O-O Nf6 7.Re1 O-O 8.c3 Bg4 
9.h3 Bh5 10.d3 Ne8 11.Nbd2 Nc7 12.Bxc6 bxc6 13.Nf1 Ne6 14.Ng3 Bg6 15.Qc2 
Ng5 16.Nd2 h5 17.Qd1 h4 18.Nf5 Ne6 19.Qg4 Nf4 20.Re3 Bf6 21.Qd1 Qd7 22.g4 
hxg3 23.fxg3 Nxh3+ 24.Kg2 Bxf5 25.exf5 Qxf5 26.Ne4 Ng5 27.Qh1 Nxe4 28.Rxe4
Qg5 29.Rd1 Qh6 30.Qf1 Bg5 31.Qf5 Qf6 32.Qd7 Qg6 33.Qxc6 Bf4 34.Re2 Qxg3+ 
35.Kf1 Rae8 36.d4 e4 37.d5 Qf3+ 0-1

[Event "7th Essent op"]
[Site "Hoogeveen NED"]
[Date "2003.10.15"]
[Round "6.27"]
[White "Markus, John Raymond"]
[Black "Van Weersel, Arlette"]
[Result "1/2-1/2"]
[WhiteElo "2206"]
[BlackElo "2128"]
[EventDate "2003.10.10"]
[PlyCount "35"]

1.d4 Nf6 2.Nf3 g6 3.c4 Bg7 4.Nc3 d5 5.Bg5 Ne4 6.Bf4 Nxc3 7.bxc3 c5 8.e3 
O-O 9.Qa4 cxd4 10.cxd4 Nc6 11.Rb1 dxc4 12.Bxc4 Bf5 13.Rd1 Rc8 14.O-O Qa5 
15.Qb3 Qb4 16.Rc1 Qxb3 17.Bxb3 Na5 18.Be5 1/2-1/2

[Event "7th Essent op"]
[Site "Hoogeveen NED"]
[Date "2003.10.15"]
[Round "6.29"]
[White "Galje, Hans"]
[Black "Van Geffen, Ben"]
[Result "0-1"]
[WhiteElo "2089"]
[BlackElo "2150"]
[EventDate "2003.10.10"]
[PlyCount "90"]

1.d4 d6 2.c4 e5 3.Nf3 e4 4.Ng1 f5 5.Nc3 Nf6 6.g3 h6 7.Bg2 g5 8.h4 g4 9.e3 
Bg7 10.Nge2 Be6 11.Nf4 Bf7 12.Qb3 Qc8 13.a4 a5 14.Bd2 O-O 15.Nb5 Rd8 16.
Rc1 c6 17.Na3 Nbd7 18.O-O Nh5 19.Ne2 Qc7 20.Qc2 Qb6 21.Rb1 Qa6 22.Rfc1 d5 
23.Bf1 Qa7 24.cxd5 Bxd5 25.Nc4 Bf8 26.Nxa5 Nb6 27.b3 Bf7 28.Ra1 Nd5 29.Nc4
Qb8 30.Rcb1 Be7 31.b4 Bf6 32.b5 c5 33.Ra3 cxd4 34.exd4 f4 35.Qxe4 Re8 36.
Qf5 fxg3 37.Qxg4+ Kh8 38.Nxg3 Rg8 39.Qh3 Bxd4 40.Rbb3 Ndf4 41.Qd7 Bd5 42.
Re3 Rg7 43.Qd6 Qg8 44.Kh2 Rd8 45.Qb4 Rg4 0-1